[Event "Bar Sozina op"]
[Site "Bar"]
[Date "2005.03.11"]
[Round "8"]
[White "Simovic, Dusan"]
[Black "Juric, Slaven"]
[Result "1/2-1/2"]
[WhiteElo "2013"]
[BlackElo "2209"]
[PlyCount "29"]
[EventDate "2005.03.04"]
[EventType "swiss"]
[EventRounds "9"]
[EventCountry "YUG"]
[SourceTitle "CBM 105 Extra"]
[Source "ChessBase"]
[SourceDate "2005.05.01"]
[SourceVersion "1"]
[SourceVersionDate "2005.05.01"]
[SourceQuality "1"]

1. e4 c5 2. c3 g6 3. d4 cxd4 4. cxd4 d5 5. e5 Nc6 6. Nc3 Nh6 7. h3 Nf5 8. Nf3 e6 9. g4 Nh4 10. Nxh4 Qxh4 11. Be3 Bh6 12. Bxh6 Qxh6 13. Bb5 Bd7 14. Bxc6 Bxc6 15. Qd2 1/2-1/2

[Event "Bar Sozina op"]
[Site "Bar"]
[Date "2005.03.04"]
[Round "1"]
[White "Juric, Slaven"]
[Black "Djukic, Nikola"]
[Result "0-1"]
[WhiteElo "2209"]
[BlackElo "2504"]
[PlyCount "48"]
[EventDate "2005.03.04"]
[EventType "swiss"]
[EventRounds "9"]
[EventCountry "YUG"]
[SourceTitle "CBM 105 Extra"]
[Source "ChessBase"]
[SourceDate "2005.05.01"]
[SourceVersion "1"]
[SourceVersionDate "2005.05.01"]
[SourceQuality "1"]

1. c4 Nf6 2. g3 g6 3. Bg2 Bg7 4. Nc3 0-0 5. d4 d6 6. Nf3 Nc6 7. d5 Na5 8. Nd2 c5 9. dxc6 Nxc6 10. 0-0 Qa5 11. h3 Be6 12. Nd5 Bxd5 13. Nb3 Qa4 14. cxd5 Ne5 15. Nd4 Qb4 16. Nc2 Qb6 17. b3 Rfc8 18. Bb2 a5 19. Ne3 Nh5 20. Kh1 Nxg3+ 21. fxg3 Qxe3 22. Bf3 Qg5 23. g4 Nxf3 24. Bxg7 Nd2 0-1

[Event "Zadar op"]
[Site "Zadar"]
[Date "2004.12.16"]
[Round "5"]
[White "Zeqiri, Agim"]
[Black "Juric, Slaven"]
[Result "0-1"]
[WhiteElo "1890"]
[BlackElo "2197"]
[PlyCount "105"]
[EventDate "2004.12.13"]
[EventType "swiss"]
[EventRounds "9"]
[EventCountry "CRO"]
[SourceTitle "CBM 103 Extra"]
[Source "ChessBase"]
[SourceDate "2005.01.01"]
[SourceVersion "1"]
[SourceVersionDate "2005.01.01"]
[SourceQuality "1"]

1. d4 d5 2. Nf3 Nf6 3. g3 g6 4. Bg2 Bg7 5. 0-0 0-0 6. c3 c6 7. Nbd2 Bf5 8. Nh4 Be6 9. Qc2 Qc8 10. Re1 c5 11. dxc5 Qxc5 12. Nb3 Qc8 13. Be3 Bh3 14. Bd4 Bxg2 15. Kxg2 Nc6 16. Rac1 b6 17. Nf3 Qb7 18. Kg1 Rac8 19. Qd1 Rfd8 20. Ne5 Nxd4 21. cxd4 Nd7 22. Rxc8 Rxc8 23. Nxd7 Qxd7 24. e3 e6 25. Qd3 Bf8 26. Rc1 h5 27. Rxc8 Qxc8 28. f3 Bb4 29. a3 Bd6 30. e4 dxe4 31. fxe4 Qd7 32. d5 Be5 33. Qc4 exd5 34. exd5 Bxb2 35. a4 Qg4 36. Qxg4 hxg4 37. Kf2 f5 38. Ke3 Kf7 39. Kd3 Ke7 40. Nd2 Be5 41. Nc4 Bc7 42. Ne3 a6 43. Nc4 b5 44. axb5 axb5 45. Na3 b4 46. Nc4 f4 47. gxf4 Bxf4 48. Ke4 Bxh2 49. Na5 Bd6 50. Nc6+ Kf6 51. Nd4 g3 52. Kf3 Ke5 53. Ke3 0-1

[Event "YUG Cup"]
[Site "Kastela"]
[Date "2002.??.??"]
[Round "5"]
[White "Filipovic, Branko"]
[Black "Juric, Slaven"]
[Result "1/2-1/2"]
[WhiteElo "2450"]
[BlackElo "2207"]
[PlyCount "33"]
[EventDate "2002.04.??"]
[EventType "team"]
[EventRounds "5"]
[EventCountry "CRO"]
[SourceTitle "EXT 2003"]
[Source "ChessBase"]
[SourceDate "2002.11.25"]
[SourceVersion "1"]
[SourceVersionDate "2002.11.25"]
[SourceQuality "1"]

1. e4 c5 2. c3 g6 3. d4 cxd4 4. cxd4 d5 5. Nc3 dxe4 6. Bc4 Nc6 7. Qb3 e6 8. d5 Nd4 9. Qd1 Bg7 10. Be3 e5 11. Nge2 Nf6 12. Nxd4 exd4 13. Bxd4 0-0 14. 0-0 Qc7 15. Bxf6 Bxf6 16. Nxe4 Bxb2 17. Bb3 1/2-1/2

[Event "YUG Cup"]
[Site "Kastela"]
[Date "2002.??.??"]
[Round "4"]
[White "Juric, Slaven"]
[Black "Rezan, Sasa"]
[Result "0-1"]
[WhiteElo "2207"]
[BlackElo "2355"]
[PlyCount "76"]
[EventDate "2002.04.??"]
[EventType "team"]
[EventRounds "5"]
[EventCountry "CRO"]
[SourceTitle "EXT 2003"]
[Source "ChessBase"]
[SourceDate "2002.11.25"]
[SourceVersion "1"]
[SourceVersionDate "2002.11.25"]
[SourceQuality "1"]

1. c4 Nf6 2. g3 c5 3. Bg2 Nc6 4. Nc3 g6 5. e4 Bg7 6. Nge2 0-0 7. 0-0 Ne8 8. d3 Nc7 9. Be3 Ne6 10. Qd2 a6 11. f4 Ned4 12. Rab1 d6 13. h3 Rb8 14. g4 b5 15. Ng3 Qa5 16. e5 dxe5 17. f5 bxc4 18. dxc4 f6 19. Bd5+ Kh8 20. Qg2 Qc7 21. Nce4 Nd8 22. Nc3 e6 23. Be4 Bb7 24. fxg6 hxg6 25. Qf2 f5 26. gxf5 exf5 27. Bd5 Bxd5 28. Nxd5 Qf7 29. Bg5 N8c6 30. Ne4 Kg8 31. Qh4 Qe6 32. Nxc5 Qd6 33. Nxa6 Rb7 34. b4 e4 35. Rbd1 Ne5 36. Kh1 Nef3 37. Qf4 Qxa6 38. Be7 Rf7 0-1

[Event "CRO-ch U18"]
[Site "Split"]
[Date "2000.??.??"]
[Round "5"]
[White "Bobanac, Miro"]
[Black "Juric, Slaven"]
[Result "1-0"]
[WhiteElo "2250"]
[BlackElo "2195"]
[PlyCount "127"]
[EventDate "2000.??.??"]
[EventType "tourn"]
[EventRounds "9"]
[EventCountry "CRO"]
[SourceTitle "EXT 2001"]
[Source "ChessBase"]
[SourceDate "2000.11.22"]
[SourceVersion "1"]
[SourceVersionDate "2000.11.22"]
[SourceQuality "1"]

1. b3 e5 2. Bb2 d6 3. e3 Nd7 4. Nc3 c6 5. d4 Ngf6 6. g4 Qa5 7. Bg2 h5 8. dxe5 Nxe5 9. g5 Nfd7 10. f4 Ng6 11. Qd2 d5 12. Nf3 Ba3 13. 0-0-0 Nc5 14. Nd4 Bd7 15. Kb1 0-0-0 16. Qc1 Bxb2 17. Qxb2 Qb6 18. b4 Na6 19. a3 Nh4 20. Bf1 Nf5 21. Na4 Qc7 22. Nxf5 Bxf5 23. Bxa6 bxa6 24. Qxg7 a5 25. Qc3 axb4 26. axb4 Kb8 27. Kb2 Rhe8 28. Nc5 Qd6 29. Qd4 Qf8 30. Rhe1 Qh8 31. Ra1 Re7 32. Kc3 Rde8 33. Qxh8 Rxh8 34. Kd2 h4 35. Nb3 Rc7 36. Ra6 Bc8 37. Ra5 Rd8 38. Nd4 Bd7 39. Nf3 Rh8 40. Ne5 Be8 41. Kc3 Rf8 42. Kd4 f6 43. gxf6 Rxf6 44. Rg1 Rf8 45. c4 dxc4 46. Kxc4 Rh8 47. Kd4 Kb7 48. Ke4 Bh5 49. Rga1 Kb8 50. Rc5 Be8 51. Rac1 Rb7 52. R1c4 Rg7 53. Nxc6+ Bxc6+ 54. Rxc6 Rg2 55. Rc2 h3 56. Kf3 Rhg8 57. f5 Rg1 58. f6 R8g5 59. e4 Rf1+ 60. Rf2 Rxf2+ 61. Kxf2 Rg4 62. Kf3 Rg1 63. Rc2 Rg6 64. e5 1-0

[Event "CRO-ch U18"]
[Site "Split"]
[Date "2000.??.??"]
[Round "9"]
[White "Bratosevic, Mladen"]
[Black "Juric, Slaven"]
[Result "0-1"]
[WhiteElo "2217"]
[BlackElo "2195"]
[PlyCount "150"]
[EventDate "2000.??.??"]
[EventType "tourn"]
[EventRounds "9"]
[EventCountry "CRO"]
[SourceTitle "EXT 2001"]
[Source "ChessBase"]
[SourceDate "2000.11.22"]
[SourceVersion "1"]
[SourceVersionDate "2000.11.22"]
[SourceQuality "1"]

1. c4 c5 2. g3 g6 3. Bg2 Bg7 4. Nf3 e5 5. Nc3 Nc6 6. 0-0 Nge7 7. a3 a6 8. Rb1 Rb8 9. b4 cxb4 10. axb4 b5 11. cxb5 axb5 12. d3 d5 13. e4 0-0 14. exd5 Nd4 15. h3 Nef5 16. Ng5 h6 17. Nge4 Nd6 18. f4 Kh7 19. Kh2 f5 20. Nc5 Re8 21. Re1 Ra8 22. Ne2 exf4 23. Nxf4 Rxe1 24. Qxe1 Ra2 25. Kh1 Qf6 26. Be3 Nc2 27. Qd2 Rb2 28. Rxb2 Qxb2 29. Nce6 Nxe3 30. Qxe3 Qe5 31. Qa7 Qa1+ 32. Qxa1 Bxa1 33. Nf8+ Kg7 34. N8xg6 Bc3 35. Kg1 Bxb4 36. Kf1 Bc3 37. Ne7 Ba6 38. Nc6 b4 39. Na5 Bb5 40. Ne6+ Kf6 41. Nc5 Be5 42. g4 fxg4 43. hxg4 Kg5 44. Bf3 Kf6 45. Ke2 Bd4 46. Nab3 Bc3 47. Ke3 Ke7 48. Bd1 Bf6 49. Nd4 Bg5+ 50. Kf3 Bf6 51. Ndb3 Bg5 52. Bc2 Bf6 53. Ne4 Bh4 54. Nd4 Bd7 55. Kf4 Be1 56. Bd1 Bh4 57. Nf3 Bf6 58. Nxf6 Kxf6 59. Ne5 Bb5 60. Bb3 Nb7 61. Nc6 Nc5 62. Nxb4 Nxb3 63. d4 Nxd4 64. Ke4 Nb3 65. Nc2 Nc5+ 66. Kd4 Nd7 67. Ke4 Ne5 68. Ne3 Bd7 69. Nf5 Bxf5+ 70. gxf5 Nf7 71. Kf4 h5 72. Kg3 Kg5 73. Kh3 Nd6 74. Kg3 Nxf5+ 75. Kh3 Kf6 0-1

[Event "CRO-ch U18"]
[Site "Split"]
[Date "2000.??.??"]
[Round "2"]
[White "Juric, Slaven"]
[Black "Horvat, Sasa"]
[Result "1-0"]
[WhiteElo "2195"]
[BlackElo "2115"]
[PlyCount "73"]
[EventDate "2000.??.??"]
[EventType "tourn"]
[EventRounds "9"]
[EventCountry "CRO"]
[SourceTitle "EXT 2001"]
[Source "ChessBase"]
[SourceDate "2000.11.22"]
[SourceVersion "1"]
[SourceVersionDate "2000.11.22"]
[SourceQuality "1"]

1. c4 Nf6 2. Nc3 g6 3. g3 Bg7 4. Bg2 0-0 5. e4 d6 6. Nge2 e5 7. d4 Nc6 8. d5 Nd4 9. 0-0 Ne8 10. Be3 Qf6 11. f3 c6 12. dxc6 bxc6 13. Qd2 Ba6 14. b3 Nc7 15. Rad1 Nce6 16. f4 c5 17. f5 Nxe2+ 18. Nxe2 Nd4 19. Bg5 Nxe2+ 20. Kh1 Bh6 21. Bxh6 Nd4 22. Bxf8 Rxf8 23. Qh6 Qg7 24. Qxg7+ Kxg7 25. h4 h5 26. Rf2 Bb7 27. Rdf1 gxf5 28. exf5 Bxg2+ 29. Kxg2 Kf6 30. Kh3 Rg8 31. Re1 Rg4 32. Re3 Nc6 33. Rb2 a5 34. Rbe2 Nd4 35. Rf2 Nc6 36. Rf1 Rd4 37. Rfe1 1-0

[Event "CRO-ch U18"]
[Site "Split"]
[Date "2000.??.??"]
[Round "4"]
[White "Juric, Slaven"]
[Black "Malada, Vinko"]
[Result "1-0"]
[WhiteElo "2195"]
[BlackElo "2189"]
[PlyCount "151"]
[EventDate "2000.??.??"]
[EventType "tourn"]
[EventRounds "9"]
[EventCountry "CRO"]
[SourceTitle "EXT 2001"]
[Source "ChessBase"]
[SourceDate "2000.11.22"]
[SourceVersion "1"]
[SourceVersionDate "2000.11.22"]
[SourceQuality "1"]

1. c4 e5 2. Nc3 Nc6 3. g3 Nf6 4. Bg2 Bb4 5. Nf3 0-0 6. 0-0 Bxc3 7. bxc3 e4 8. Ng5 Re8 9. d4 h6 10. Nh3 Na5 11. c5 b6 12. cxb6 axb6 13. f3 e3 14. Nf4 d5 15. Re1 Nc4 16. Nd3 Qd6 17. Nb2 Nxb2 18. Bxb2 h5 19. Kh1 h4 20. gxh4 Qf4 21. Rg1 Qxh4 22. Qe1 Qxe1 23. Rgxe1 Nh5 24. f4 Nxf4 25. Bf3 Ba6 26. h4 Bc4 27. a4 Ng6 28. Kh2 Nxh4 29. Kg3 Nf5+ 30. Kf4 g6 31. Bg4 Re4+ 32. Kf3 Nh4+ 33. Kg3 f5 34. Bf3 Nxf3 35. exf3 Re7 36. Kf4 e2 37. Bc1 Rh7 38. Bd2 Kf7 39. Rg1 Rh4+ 40. Kg3 Rh5 41. Bf4 Ra7 42. Kf2 Rh8 43. Be5 Rha8 44. Rh1 Rxa4 45. Rh7+ Ke6 46. Rg1 Rg8 47. Rxc7 Ra2 48. Rc6+ Kd7 49. Rxb6 g5 50. Rgb1 Ra6 51. Rb7+ Ke6 52. Rh1 e1Q+ 53. Rxe1 Ra2+ 54. Kg3 f4+ 55. Bxf4+ Re2 56. Rxe2+ Bxe2 57. Be5 g4 58. Rb6+ Kf7 59. f4 Bf3 60. f5 Be4 61. Rb7+ Ke8 62. f6 Rf8 63. Kxg4 Rf7 64. Rb8+ Kd7 65. Kf4 Bg6 66. Rb6 Ke8 67. Re6+ Kd8 68. Kg5 Be4 69. Bg3 Kd7 70. Rd6+ Ke8 71. c4 dxc4 72. Re6+ Kd7 73. Rxe4 Kc6 74. Kg6 Rf8 75. f7 Kd5 76. Re8 1-0

[Event "CRO-ch U18"]
[Site "Split"]
[Date "2000.??.??"]
[Round "3"]
[White "Saric, Ante"]
[Black "Juric, Slaven"]
[Result "1/2-1/2"]
[WhiteElo "2206"]
[BlackElo "2195"]
[PlyCount "31"]
[EventDate "2000.??.??"]
[EventType "tourn"]
[EventRounds "9"]
[EventCountry "CRO"]
[SourceTitle "EXT 2001"]
[Source "ChessBase"]
[SourceDate "2000.11.22"]
[SourceVersion "1"]
[SourceVersionDate "2000.11.22"]
[SourceQuality "1"]

1. Nf3 c5 2. b3 d5 3. e3 e6 4. Bb2 Nf6 5. d4 Nc6 6. c4 cxd4 7. Nxd4 Bb4+ 8. Bc3 Qa5 9. Bxb4 Qxb4+ 10. Qd2 Qxd2+ 11. Nxd2 Bd7 12. Nb5 Ke7 13. Nc3 d4 14. exd4 Nxd4 15. 0-0-0 Rhd8 16. Ne2 1/2-1/2

[Event "Zagreb op"]
[Site "Zagreb"]
[Date "1997.??.??"]
[Round "8"]
[White "Dotlic, Zdravko"]
[Black "Juric, Slaven"]
[Result "0-1"]
[WhiteElo "2040"]
[BlackElo "2220"]
[PlyCount "37"]
[EventDate "1997.??.??"]
[EventType "swiss"]
[EventRounds "9"]
[EventCountry "CRO"]
[SourceTitle "EXT 1999"]
[Source "ChessBase"]
[SourceDate "1998.11.16"]
[SourceVersion "1"]
[SourceVersionDate "1998.11.16"]
[SourceQuality "1"]

1. e4 c5 2. Nf3 g6 3. d4 cxd4 4. Nxd4 Bg7 5. Nc3 Nc6 6. Be3 Nf6 7. f3 0-0 8. Bc4 Qb6 9. Qd2 Nxe4 10. fxe4 Bxd4 11. Bxd4 Qxd4 12. 0-0-0 Qxc4 13. h4 f6 14. g4 d6 15. Rdg1 Qf7 16. g5 fxg5 17. Rf1 Qxf1+ 18. Rxf1 Rxf1+ 19. Nd1 0-1

[Event "Zagreb op"]
[Site "Zagreb"]
[Date "1997.??.??"]
[Round "3"]
[White "Juric, Slaven"]
[Black "Feletar, Darko"]
[Result "0-1"]
[WhiteElo "2220"]
[BlackElo "2330"]
[PlyCount "160"]
[EventDate "1997.??.??"]
[EventType "swiss"]
[EventRounds "9"]
[EventCountry "CRO"]
[SourceTitle "EXT 1999"]
[Source "ChessBase"]
[SourceDate "1998.11.16"]
[SourceVersion "1"]
[SourceVersionDate "1998.11.16"]
[SourceQuality "1"]

1. g3 e5 2. c4 Nf6 3. Bg2 c6 4. d4 exd4 5. Qxd4 d5 6. Nf3 Be7 7. cxd5 cxd5 8. 0-0 Nc6 9. Qa4 0-0 10. Bf4 Qb6 11. Qb3 Qxb3 12. axb3 Bf5 13. Rc1 Ne4 14. Ne5 Nd4 15. Rd1 Nxe2+ 16. Kf1 Nxf4 17. gxf4 Rac8 18. Bxe4 Bxe4 19. Nc3 f6 20. Nxe4 dxe4 21. Nc4 Bc5 22. Nd6 Rc6 23. Nxe4 Bb6 24. Nc3 a6 25. f5 Re8 26. Rd5 Bc7 27. Rd7 Bxh2 28. Rad1 Rb6 29. Kg2 Be5 30. Nd5 Rxb3 31. Nc7 Bxc7 32. Rxc7 Kh8 33. Rdd7 b5 34. Re7 Rg8 35. Ra7 Rxb2 36. Rxa6 Rc2 37. Kf3 Rc3+ 38. Kf4 Rc4+ 39. Kf3 Rgc8 40. Raa7 Rc3+ 41. Kg4 R8c4+ 42. f4 h5+ 43. Kxh5 Rxf4 44. Kg6 Rg3+ 45. Kf7 Kh7 46. Re1 Kh6 47. Ke6 g6 48. fxg6 Kxg6 49. Ra8 Kg7 50. Ra7+ Kh6 51. Ra8 b4 52. Rf8 Kg7 53. Rf7+ Kg6 54. Rf8 Rg5 55. Rg8+ Kh7 56. Rf8 Kg7 57. Rf7+ Kg6 58. Rf8 Rf3 59. Rg8+ Kh7 60. Rf8 Kg7 61. Rf7+ Kg6 62. Rf8 b3 63. Rg8+ Kh7 64. Rb8 Kg7 65. Rb7+ Kg6 66. Rb8 Kh5 67. Rh1+ Kg4 68. Rb4+ Kg3 69. Rb1 Re5+ 70. Kf7 Ree3 71. Rb6 Rc3 72. Ke6 Rce3+ 73. Kf7 f5 74. Kf6 Kf2 75. Rb2+ Kg3 76. Kg5 Rc3 77. Rb8 f4 78. Kf5 Rfe3 79. Rg8+ Kf3 80. Rgg2 Rc5+ 0-1

[Event "Kastel Stari op"]
[Site "Kastel Stari"]
[Date "1997.??.??"]
[Round "2"]
[White "Sale, Srdjan"]
[Black "Juric, Slaven"]
[Result "1-0"]
[WhiteElo "2425"]
[BlackElo "2220"]
[PlyCount "79"]
[EventDate "1997.04.11"]
[EventType "swiss"]
[EventRounds "9"]
[EventCountry "CRO"]
[SourceTitle "CBM 057 Extra"]
[Source "ChessBase"]
[SourceDate "1997.05.01"]
[SourceVersion "1"]
[SourceVersionDate "1997.05.01"]
[SourceQuality "1"]

1. Nf3 g6 2. e4 c5 3. Bc4 Bg7 4. 0-0 Nc6 5. c3 Qc7 6. Re1 d6 7. h3 Bd7 8. Bf1 e5 9. Na3 Nge7 10. d4 exd4 11. Bf4 Be5 12. Bh6 a6 13. Rc1 Qb8 14. cxd4 cxd4 15. Bc4 Be6 16. Bxe6 fxe6 17. Qb3 Kd7 18. Nc4 b5 19. Ncxe5+ dxe5 20. Ng5 Nd8 21. Bg7 Rg8 22. Nxh7 Ndc6 23. Nf6+ Kd6 24. Nxg8 Qxg8 25. Bf6 Qf7 26. Bg5 Kd7 27. Re2 Rc8 28. Qg3 d3 29. Qxd3+ Nd4 30. Ree1 Rxc1 31. Rxc1 Nec6 32. a3 Qf8 33. Kf1 Qd6 34. Bd2 a5 35. h4 a4 36. g4 Nb3 37. Qxd6+ Kxd6 38. Rd1 Nbd4 39. Bg5 Kc5 40. Kg2 1-0